|
|
|
|
| LEADER |
00000ny a22000003n 4500 |
| 005 |
20110524145416.0 |
| 008 |
040910s2004 sp s 000 0 spa c |
| 017 |
|
|
|a D.L. M.3257-2004
|
| 020 |
|
|
|a 8484940888
|
| 035 |
|
|
|a 1660
|
| 040 |
|
|
|a Mpons
|d vLex
|
| 040 |
|
|
|a UMA.RE
|d vLex
|
| 080 |
|
|
|a 658.15-057.17:004
|
| 090 |
|
|
|c 237
|d 237
|
| 100 |
1 |
|
|a Mr̀quez Lobillo, Patricia
|
| 245 |
1 |
0 |
|a Empresarios y profesionales en la sociedad de la informacin̤
|h [Recurso electrn̤ico]
|c Patricia Mr̀quez Lobillo ; prl̤ogo de M® de los aÌ‚Angeles Martn̕ Reyes
|
| 256 |
|
|
|a Servicio en ln̕ea
|
| 260 |
|
|
|a Madrid :
|b Editoriales de Derecho Reunidas,
|c 2004
|
| 300 |
|
|
|a 440 p. ;
|c 20 cm
|
| 504 |
|
|
|a Bibliogr.: p. 411-440
|
| 506 |
1 |
|
|a Contenido solo disponible en los productos indicados
|d vLex Global
|d vLex Global (Academic Edition, excluding Law Schools)
|d vLex Global (U.S. Academic Edition, Law Schools)
|d vLex Global (U.S. Academic Edition, excluding Law Schools)
|d vLex Global (Academic Edition, Law Schools)
|
| 650 |
|
|
|2 Tesauro vLex
|a Societario
|
| 650 |
|
|
|2 Tesauro vLex
|a Derecho de la informacin̤
|
| 650 |
|
|
|2 Tesauro vLex
|a Empresa y empresario
|
| 650 |
|
|
|2 Tesauro vLex
|a Tecnologa̕s de la informacin̤
|
| 700 |
1 |
|
|a Martn̕ Reyes, Mara̕ de los aÌ‚Angeles,
|e pr
|
| 740 |
0 |
|
|a vLex Libros (Servicios en ln̕ea)
|
| 856 |
4 |
0 |
|z Acceso restringido
|u http://vlex.com/source/empresarios-profesionales-sociedad-informacion-1660
|
| 942 |
|
|
|c BOOK
|
| 999 |
0 |
|
|a Freedom of information
|b Madrid
|